各个声母开头的人口最多的县级行政区(城市点位地图版) - Statistics

General Stats
  • This quiz has been taken 10 times
  • The average score is 23 of 24
Answers on the Map
Answers color-coded by a green-red scale on the quiz's map according to % correct below.
 
Answer Stats
声母 县级行政区 % Correct
b 宝安区 | 白云区 | 宝山区 | 滨海新区 | 博白县
100%
f 丰台区 | 福田区 | 福清市 | 房山区 | 涪城区
100%
d 大兴区 | 电白区 | 东昌府区 | 邓州市 | 东港区
100%
t 天河区 | 通州区 | 滕州市 | 太和县 | 铁西区
100%
n 南海区 | 南山区 | 南安市 | 南昌县 | 南岗区
100%
l 龙岗区 | 龙华区 | 兰山区 | 临泉县 | 历城区
100%
g 姑苏区 | 甘井子区 | 官渡区 | 桂平市 | 高州市
100%
k 昆山市 | 开州区 | 柯桥区 | 奎文区 | 科尔沁区
100%
h 海淀区 | 洪山区 | 惠城区 | 黄岛区 | 海珠区
100%
j 金水区 | 晋江市 | 江宁区 | 嘉定区 | 江阴市
100%
q 谯城区 | 青山湖区 | 七星关区 | 青浦区 | 青秀区
100%
ch 朝阳区 | 昌平区 | 长安区 | 常熟市 | 潮阳区
100%
sh 顺德区 | 双流区 | 蜀山区 | 沭阳县 | 沙坪坝区
100%
s 松江区 | 睢宁县 | 思明区 | 宿城区 | 三河市
100%
w 未央区 | 武侯区 | 武进区 | 万州区 | 吴江区
100%
p 浦东新区 | 番禺区 | 普宁市 | 郫都区 | 邳州市
90%
m 闵行区 | 牡丹区 | 蒙城县 | 茂南区 | 闽侯县
90%
x 萧山区 | 西乡塘区 | 新都区 | 新郑市 | 香洲区
90%
zh 中原区 | 张家港市 | 中牟县 | 镇雄县 | 张店区
90%
r 瑞安市 | 任城区 | 如皋市 | 仁寿县 | 汝州市
90%
c 慈溪市 | 曹县 | 仓山区 | 蔡甸区 | 翠屏区
90%
y 渝北区 | 雁塔区 | 义乌市 | 埇桥区 | 鄞州区
90%
z 增城区 | 邹城市 | 枣阳市 | 资中县 | 邹平市
80%
韵母 二七区 | 安溪县 | 瓯海区 | 安岳县 | 安丘市
70%
No matching quizzes found
Score Distribution
Percent of People with Each Score
Percentile by Number Answered
Your Score History
You have not taken this quiz